[Event "Michigan Action"]
[Site "Flint, MI"]
[Date "2002.12.07"]
[Round "2.2"]
[White "Skidmore, Mike"]
[Black "Calton, Bill"]
[Result "0-1"]
[WhiteElo "1857"]
[BlackElo "2223"]
[PlyCount "71"]
[EventDate "2002.12.07"]

1. e4 c6 2. d4 d5 3. e5 Bf5 4. Ne2 e6 5. Ng3 Bg6 6. Be2 c5 7. Bb5+ Nc6 8. Bxc6+
bxc6 9. c3 Nh6 10. Bxh6 gxh6 11. Qa4 Qb6 12. O-O h5 13. Nd2 h4 14. Ne2 Bd3 15.
Rfe1 Rg8 16. dxc5 Bxc5 17. Nd4 Kd7 18. N2f3 h3 19. g3 Rg4 20. Qd1 Ba6 21. b4
Be7 22. a4 Rag8 23. b5 cxb5 24. axb5 Bb7 25. Nc6 Bc5 26. Nfd4 Ke8 27. Qa4 Kf8
28. Kh1 Bxc6 29. bxc6 Qb2 30. Re2 Qxc3 31. Rc2 Qxd4 32. Qxd4 Bxd4 33. Rb1 Bxe5
34. c7 Bxc7 35. Rxc7 Rc4 36. Rxa7 {Time} 0-1

[Event "Michigan Action"]
[Site "Flint, MI"]
[Date "2002.12.07"]
[Round "3.1"]
[White "Santiago, Reynaldo"]
[Black "Finegold, Ben"]
[Result "0-1"]
[WhiteElo "2000"]
[BlackElo "2643"]
[PlyCount "78"]
[EventDate "2002.12.07"]

1. e4 c5 2. Nf3 Nc6 3. d4 cxd4 4. Nxd4 g6 5. c4 Nf6 6. Nc3 d6 7. Be2 Bg7 8. Be3
O-O 9. O-O Bd7 10. Qd2 Nxd4 11. Bxd4 Bc6 12. f3 a5 13. Rfd1 Nd7 14. Rac1 a4 15.
Nd5 Bxd5 16. cxd5 Bxd4+ 17. Qxd4 Nc5 18. Rc4 Qd7 19. Rdc1 Rfc8 20. f4 Re8 21.
Rb4 Ra5 22. Rc3 e5 23. dxe6 Qxe6 24. Bf3 b5 25. a3 Na6 26. Qb6 Nxb4 27. Qxa5
Nd5 28. Rc6 Nxf4 29. Qd2 Qe5 30. Rxd6 Rc8 31. g3 Ne6 32. Rd5 Qf6 33. Kg2 Rc4
34. Rxb5 Nd4 35. Rb8+ Kg7 36. Bd1 Nc6 37. Re8 Rd4 38. Qc2 Qg5 39. Bf3 Rd2+ 0-1

[Event "Michigan Action"]
[Site "Flint, MI"]
[Date "2002.12.07"]
[Round "5.4"]
[White "Santiago, Reynaldo"]
[Black "Baze, Lineas"]
[Result "0-1"]
[WhiteElo "2000"]
[BlackElo "2000"]
[PlyCount "62"]
[EventDate "2002.12.07"]

1. e4 c5 2. Nf3 Nc6 3. d4 cxd4 4. Nxd4 Nf6 5. Nc3 e5 6. Nde2 Bb4 7. a3 Ba5 8.
b4 Bb6 9. Bg5 Bxf2+ 10. Kxf2 Ng4+ 11. Kg1 Qxg5 12. Nd5 O-O 13. h4 Qh6 14. b5
Ne3 15. Qd2 Nxd5 16. Qxh6 gxh6 17. exd5 Ne7 18. d6 Nf5 19. Rd1 b6 20. Rh3 Bb7
21. g4 Ng7 22. Rc3 Ne6 23. Ng3 Rac8 24. Rdd3 Kh8 25. Nf5 Be4 26. Ne7 Rc5 27.
Re3 Rxc3 28. Rxc3 Nc5 29. Bd3 Bxd3 30. cxd3 h5 31. gxh5 f5 0-1

[Event "Michigan Action"]
[Site "Flint, MI"]
[Date "2002.12.07"]
[Round "3.11"]
[White "Sanders, Travis"]
[Black "Sowa, Jason"]
[Result "1-0"]
[WhiteElo "1276"]
[BlackElo "962"]
[PlyCount "98"]
[EventDate "2002.12.07"]

1. e4 Nf6 2. Nc3 d5 3. e5 Ne4 4. Nxe4 dxe4 5. d4 exd3 6. Qxd3 Qxd3 7. Bxd3 Nc6
8. Bf4 g6 9. O-O-O Bd7 10. Bb5 O-O-O 11. Bxc6 Bxc6 12. Rxd8+ Kxd8 13. f3 e6 14.
Nh3 h6 15. Rd1+ Kc8 16. Nf2 Bg7 17. h4 h5 18. Nd3 Rd8 19. Bg5 Re8 20. Rd2 Bb5
21. f4 b6 22. Nb4 a5 23. Nd3 Kb7 24. Nf2 Bc6 25. g4 Bf3 26. gxh5 Bxh5 27. Rd7
Rf8 28. Bd8 Bh6 29. Rxc7+ Ka6 30. Bg5 Bxg5 31. hxg5 b5 32. b3 Kb6 33. Re7 Bf3
34. Kd2 Bd5 35. Ng4 a4 36. Nh6 axb3 37. axb3 Be4 38. Nxf7 Bf5 39. Nd6 Bg4 40.
Rf7 Rxf7 41. Nxf7 Bf5 42. Nd6 Bg4 43. c4 bxc4 44. Nxc4+ Kc5 45. Ne3 Bh3 46. Kc3
Kb5 47. Kd4 Kb4 48. Nc4 Kxb3 49. Kc5 Kc3 1-0

[Event "Michigan Action"]
[Site "Flint, MI"]
[Date "2002.12.07"]
[Round "5.11"]
[White "Rokita, Ryan"]
[Black "Sowa, Jason"]
[Result "0-1"]
[WhiteElo "929"]
[BlackElo "962"]
[PlyCount "108"]
[EventDate "2002.12.07"]

1. e4 Nf6 2. e5 Nd5 3. c4 Nb6 4. Nc3 Nc6 5. d4 d6 6. exd6 cxd6 7. a3 g6 8. Nf3
Bg4 9. Be2 Bxf3 10. Bxf3 Bg7 11. Bxc6+ bxc6 12. O-O O-O 13. d5 Nxc4 14. dxc6
Qc7 15. Qd5 Na5 16. Be3 Nxc6 17. Nb5 Qd7 18. Rac1 Rfc8 19. Rfe1 Bxb2 20. Rc2
Bg7 21. Rec1 Ne5 22. Nxa7 Rd8 23. Bb6 Re8 24. Rc7 Qa4 25. Qb7 Qxa3 26. h3 Rab8
27. Qd5 Rxb6 28. Rc8 Rxc8 29. Rxc8+ Bf8 30. Qa8 Qa1+ 31. Kh2 Nd7 32. Rd8 Qe5+
33. g3 Qe2 34. Rxd7 Qxf2+ 35. Qg2 Qxg2+ 36. Kxg2 Ra6 37. Nc8 Kg7 38. Nxe7 Bxe7
39. Rxe7 Kf6 40. Rd7 Ke6 41. Rd8 d5 42. Kf3 Rd6 43. Rxd6+ Kxd6 44. Ke3 Ke5 45.
g4 f5 46. gxf5 gxf5 47. Kf3 d4 48. h4 f4 49. h5 h6 50. Ke2 Ke4 51. Kd2 f3 52.
Ke1 Ke3 53. Kd1 f2 54. Kc2 f1=Q 0-1

[Event "Michigan Action"]
[Site "Flint, MI"]
[Date "2002.12.07"]
[Round "3.9"]
[White "Rokita, Ryan"]
[Black "Cottrell-Finegold, Kelly"]
[Result "0-1"]
[WhiteElo "929"]
[BlackElo "1384"]
[PlyCount "37"]
[EventDate "2002.12.07"]

1. e4 c5 2. Nf3 d6 3. d4 cxd4 4. Nxd4 Nf6 5. Bd3 e6 6. O-O Be7 7. Nc3 a6 8. Be3
O-O 9. Qf3 Qc7 10. Rac1 b5 11. a3 Bb7 12. Nb3 Nbd7 13. Bd4 Rac8 14. Qg3 Ba8 15.
Rfe1 Nb6 16. f4 Nc4 17. e5 dxe5 18. fxe5 Nd5 19. Qh3 0-1

[Event "Michigan Action"]
[Site "Flint, MI"]
[Date "2002.12.07"]
[Round "6.10"]
[White "Rokita, Ross"]
[Black "Whatling, David"]
[Result "0-1"]
[WhiteElo "962"]
[BlackElo "1341"]
[PlyCount "44"]
[EventDate "2002.12.07"]

1. e4 c5 2. Bc4 e6 3. Nf3 d6 4. d3 Nf6 5. Nc3 Be7 6. e5 dxe5 7. Nxe5 O-O 8. O-O
Nbd7 9. Nxd7 Bxd7 10. Bg5 Qc7 11. Bxf6 Bxf6 12. g3 Rad8 13. Qd2 Qc6 14. Bb5
Bxc3 15. Bxc6 Bxd2 16. Bxb7 Ba5 17. c3 Rb8 18. Be4 Rxb2 19. Rfe1 Bxc3 20. Rec1
Bd4 21. Bf3 Rxf2 22. Kh1 Bxa1 0-1

[Event "Michigan Action"]
[Site "Flint, MI"]
[Date "2002.12.07"]
[Round "4.10"]
[White "Rokita, Ross"]
[Black "Makki, Hassan"]
[Result "0-1"]
[WhiteElo "962"]
[BlackElo "1399"]
[PlyCount "57"]
[EventDate "2002.12.07"]

1. e4 e5 2. Nf3 Nc6 3. Bb5 Nge7 4. O-O a6 5. Bxc6 Nxc6 6. Nc3 Bc5 7. d3 h6 8.
Be3 Bxe3 9. fxe3 d6 10. d4 Bg4 11. h3 Bh5 12. Nd5 O-O 13. Qd3 Bg6 14. b3 a5 15.
Qc3 Bxe4 16. Qc4 Ra6 17. dxe5 Bxd5 18. Qxd5 dxe5 19. Qc5 Re8 20. Rad1 Qf6 21.
Rd5 b6 22. Qb5 Nb4 23. Qxe8+ Kh7 24. Ng5+ Qxg5 25. Rxe5 Qg6 26. Qxf7 Qxc2 27.
Qf5+ Qxf5 28. Rexf5 Nxa2 29. Rxa5 0-1

[Event "Michigan Action"]
[Site "Flint, MI"]
[Date "2002.12.07"]
[Round "1.7"]
[White "Rokita, Ross"]
[Black "Kriseler, Mark"]
[Result "0-1"]
[WhiteElo "962"]
[BlackElo "1931"]
[PlyCount "32"]
[EventDate "2002.12.07"]

1. e4 e6 2. Nf3 b6 3. d4 Bb7 4. Nc3 Bb4 5. Bd2 Bxc3 6. Bxc3 Bxe4 7. Bd3 Bb7 8.
O-O Nf6 9. Re1 Nc6 10. Ne5 Qe7 11. Nxc6 dxc6 12. a3 O-O-O 13. Bb4 Qd7 14. g3
Qd5 15. Be7 c5 16. Bxd8 Qg2# 0-1

[Event "Michigan Action"]
[Site "Flint, MI"]
[Date "2002.12.07"]
[Round "1.12"]
[White "Makki, Hassan"]
[Black "Smith, Chris"]
[Result "0-1"]
[WhiteElo "1399"]
[BlackElo "1019"]
[PlyCount "64"]
[EventDate "2002.12.07"]

1. e4 e5 2. d4 Nc6 3. Bc4 Nf6 4. Bg5 Nxd4 5. Nf3 Be7 6. Nxe5 Ne6 7. O-O Nxg5 8.
Nd2 d6 9. Nef3 Bg4 10. Bd3 O-O 11. c3 Re8 12. Be2 Ngxe4 13. Nc4 b6 14. Ne3 d5
15. h3 Bh5 16. g4 Bg6 17. g5 Nh5 18. Ne5 Nf4 19. Bg4 Bxg5 20. Nxg6 Nxg6 21.
Nxd5 Nd2 22. f4 Nxf1 23. fxg5 Ne3 24. Nxe3 Rxe3 25. Qc2 Qxg5 26. Kh1 Rae8 27.
Qf2 Ne5 28. Rg1 Nxg4 29. Rxg4 Rxh3+ 30. Kg1 Qxg4+ 31. Qg2 Re1+ 32. Kf2 Qe2# 0-1

[Event "Michigan Action"]
[Site "Flint, MI"]
[Date "2002.12.07"]
[Round "2.6"]
[White "Kriseler, Mark"]
[Black "Smith, Chris"]
[Result "1-0"]
[WhiteElo "1931"]
[BlackElo "1019"]
[PlyCount "98"]
[EventDate "2002.12.07"]

1. e3 e5 2. b3 Nc6 3. Bb2 d5 4. Bb5 Nge7 5. Bxe5 a6 6. Bxc6+ Nxc6 7. Bb2 d4 8.
Nf3 Bc5 9. Qe2 O-O 10. Qc4 Ba7 11. Nxd4 Nxd4 12. Bxd4 b5 13. Qc3 Bxd4 14. Qxd4
Qxd4 15. exd4 Re8+ 16. Kd1 Bb7 17. f3 Re7 18. Re1 Rxe1+ 19. Kxe1 Re8+ 20. Kf2
Bc8 21. a4 b4 22. d3 Rd8 23. Nd2 Rxd4 24. Re1 Be6 25. Ne4 g6 26. Nc5 Rd6 27.
Nxe6 fxe6 28. Re4 c5 29. Ke3 Kf7 30. d4 cxd4+ 31. Rxd4 Rc6 32. Rc4 Rxc4 33.
bxc4 Ke7 34. a5 Kd6 35. Kd4 Kc6 36. f4 h6 37. h3 g5 38. fxg5 hxg5 39. g3 e5+
40. Kxe5 Kc5 41. h4 gxh4 42. gxh4 Kxc4 43. h5 Kc3 44. h6 Kxc2 45. h7 b3 46.
h8=Q b2 47. Kd5 b1=Q 48. Qh7+ Kb2 49. Qxb1+ Kxb1 1-0

[Event "Michigan Action"]
[Site "Flint, MI"]
[Date "2002.12.07"]
[Round "4.9"]
[White "Holden, Anthony"]
[Black "Rokita, Ryan"]
[Result "1-0"]
[WhiteElo "1483"]
[BlackElo "929"]
[PlyCount "66"]
[EventDate "2002.12.07"]

1. d4 d5 2. e3 Nf6 3. Bd3 c5 4. c3 e6 5. Nd2 Nc6 6. f4 Bd6 7. Ngf3 O-O 8. g4
Nxg4 9. Bxh7+ Kxh7 10. Ng5+ Kg8 11. Qxg4 f6 12. h4 e5 13. Qh5 fxg5 14. hxg5 Bf5
15. g6 Bxg6 16. Qxg6 Qf6 17. Qh7+ Kf7 18. dxe5 Nxe5 19. fxe5 Bxe5 20. Rf1 Bg3+
21. Ke2 Qxf1+ 22. Kxf1 Ke6+ 23. Kg2 Be5 24. Nf3 Rh8 25. Qg6+ Bf6 26. e4 dxe4
27. Ng5+ Ke7 28. Qf7+ Kd6 29. Bf4+ Kc6 30. Qc7+ Kb5 31. Qxb7+ Kc4 32. Qb3+ Kd3
33. Rd1+ Ke2 1-0

[Event "Michigan Action"]
[Site "Flint, MI"]
[Date "2002.12.07"]
[Round "5.1"]
[White "Gabbara, Faris"]
[Black "Finegold, Ben"]
[Result "0-1"]
[WhiteElo "2051"]
[BlackElo "2643"]
[PlyCount "74"]
[EventDate "2002.12.07"]

1. e4 c5 2. c3 d5 3. exd5 Qxd5 4. Nf3 Nf6 5. d4 Bg4 6. Be2 e6 7. O-O Nc6 8. Be3
cxd4 9. cxd4 Be7 10. Nc3 Qd6 11. h3 Bh5 12. Qb3 O-O 13. Rfd1 Rfd8 14. Rac1 Rac8
15. Na4 b6 16. Nc3 Na5 17. Qb5 Qb8 18. b4 Nb7 19. Ne5 Nd6 20. Qa4 Rxc3 21. Bxh5
Rxc1 22. Rxc1 Nxh5 23. Nc6 Qb7 24. Nxd8 Bxd8 25. b5 Nf6 26. Rc6 Qd7 27. Bf4 Nf5
28. Be5 Nd5 29. g4 Nfe7 30. Rc4 f6 31. Bb8 a5 32. bxa6 b5 33. a7 Nb6 34. Qa6
bxc4 35. Qxb6 Bxb6 36. a8=Q Kf7 37. Qe4 Qxd4 0-1

[Event "Michigan Action"]
[Site "Flint, MI"]
[Date "2002.12.07"]
[Round "6.1"]
[White "Finegold, Ben"]
[Black "Davidovich, Manis"]
[Result "1-0"]
[WhiteElo "2643"]
[BlackElo "2000"]
[Annotator "Jeff Aldrich"]
[PlyCount "81"]
[EventDate "2002.12.07"]

{Indian: East Indian (Torre)} 1. d4 Nf6 2. Nf3 g6 3. Bg5 Bg7 4. Nbd2 d6 5. e4
c5 6. dxc5 dxc5 7. Bb5+ Bd7 8. Qe2 O-O 9. c3 a6 10. Bxd7 Nbxd7 11. e5 {
Disrupting the Black forces.} Ng4 12. e6 Nde5 13. exf7+ Rxf7 14. O-O Qc7 15.
Nxe5 Nxe5 16. Rae1 $6 {Giving Black time to create a strong outpost on d3 for
the knight.} c4 17. Rd1 b5 18. Ne4 Nd3 19. Bh4 h6 20. Bg3 Be5 21. Qg4 Kg7 22.
h4 Rf5 23. Rd2 Raf8 24. Re2 Bxg3 25. Nxg3 R5f7 $2 ({Allowing the White knight
to join the attack. The key to defending the position is having a rook on the
5th rank.} 25... Rd5 26. Re6 Nf4 {and now White does not have} 27. Nh5+) 26.
Re6 Nf4 27. Nh5+ Kh8 28. Nxf4 Rxf4 29. Qxg6 Rxh4 30. g3 Rg8 31. gxh4 $1 {At
the end of the exchanges, the Black king is stuck on the h-file while the 2
White rook converge for the kill.} Rxg6+ 32. Rxg6 Kh7 33. Rg3 Qf4 34. Re1 Qxh4
35. Re6 a5 36. a3 Qf4 37. Rxe7+ Kh8 38. Reg7 h5 $2 {Hastening the finish, but
the Black queen has too many squares to defend, either way.} 39. R7g5 Qf7 40.
Rh3 Qh7 41. Rhxh5 1-0

[Event "Michigan Action"]
[Site "Flint, MI"]
[Date "2002.12.07"]
[Round "4.1"]
[White "Finegold, Ben"]
[Black "Calton, Bill"]
[Result "1-0"]
[WhiteElo "2643"]
[BlackElo "2223"]
[PlyCount "75"]
[EventDate "2002.12.07"]

1. d4 d5 2. c4 Nc6 3. Nc3 Nf6 4. Nf3 dxc4 5. e4 Bg4 6. Be3 e6 7. Bxc4 Bb4 8.
Qc2 O-O 9. Rd1 Qe7 10. Be2 e5 11. d5 Nb8 12. O-O a6 13. Na4 Nbd7 14. Nh4 Bxe2
15. Nf5 Qd8 16. Qxe2 Re8 17. Qf3 Nf8 18. Bg5 Ng6 19. Nh6+ Kf8 20. Ng4 Be7 21.
Bxf6 Bxf6 22. Nxf6 gxf6 23. g3 Qd6 24. Rc1 Ne7 25. Nc5 b6 26. Nb7 Qd7 27. Qxf6
Rab8 28. Qh6+ Kg8 29. d6 Rxb7 30. dxe7 Qxe7 31. Rc6 Qf8 32. Qh5 Qg7 33. Rd1 b5
34. Rd7 Rb6 35. Rdxc7 Rxc6 36. Rxc6 a5 37. Qf5 h6 38. Rc5 1-0

[Event "Michigan Action"]
[Site "Flint, MI"]
[Date "2002.12.07"]
[Round "2.1"]
[White "Finegold, Ben"]
[Black "Aldrich, Jeff"]
[Result "1-0"]
[WhiteElo "2643"]
[BlackElo "1921"]
[PlyCount "79"]
[EventDate "2002.12.07"]

1. d4 d5 2. c4 c6 3. Nf3 Nf6 4. Nc3 e6 5. Bg5 Nbd7 6. e3 Be7 7. Rc1 O-O 8. Bd3
dxc4 9. Bxc4 b5 10. Bd3 Bb7 11. O-O a6 12. a4 h6 13. Bxf6 Nxf6 14. Ne4 Nxe4 15.
Bxe4 Qb6 16. Ne5 Rfc8 17. Qh5 Rf8 18. Nd7 Qc7 19. Nxf8 Bxf8 20. axb5 axb5 21.
Qf3 Ra2 22. Bxc6 Bxc6 23. Rxc6 Qd7 24. Rc2 b4 25. Rfc1 b3 26. Re2 Qc7 27. Rd1
Qc4 28. g3 Ba3 29. d5 exd5 30. Rxd5 Bxb2 31. Rd8+ Kh7 32. Rxb2 Rxb2 33. Qf5+ g6
34. Qe5 Rb1+ 35. Kg2 Qc6+ 36. e4 g5 37. Rh8+ Kg6 38. Qf5+ Kh5 39. Qh3+ Kg6 40.
Qxh6# 1-0

[Event "Michigan Action"]
[Site "Flint, MI"]
[Date "2002.12.07"]
[Round "5.10"]
[White "Cottrell-Finegold, Kelly"]
[Black "Smith, Chris"]
[Result "1-0"]
[WhiteElo "1384"]
[BlackElo "1019"]
[PlyCount "48"]
[EventDate "2002.12.07"]

1. d4 Nc6 2. c4 d5 3. Nc3 Nf6 4. Nf3 Bg4 5. e3 e5 6. dxe5 Nxe5 7. cxd5 Bb4 8.
Qa4+ Nfd7 9. Nxe5 Bxc3+ 10. bxc3 Bh5 11. Nxd7 Qxd7 12. Bb5 c6 13. dxc6 Qd1+ 14.
Qxd1 Bxd1 15. cxb7+ Ke7 16. bxa8=Q Rxa8 17. Kxd1 Rb8 18. Bd3 Rd8 19. Ke2 g6 20.
Rb1 f5 21. Rb7+ Ke6 22. Rxa7 Rh8 23. Kd2 h5 24. Ba3 Kf6 1-0

[Event "Michigan Action"]
[Site "Flint, MI"]
[Date "2002.12.07"]
[Round "4.5"]
[White "Cottrell-Finegold, Kelly"]
[Black "Aldrich, Jeff"]
[Result "0-1"]
[WhiteElo "1384"]
[BlackElo "1921"]
[PlyCount "55"]
[EventDate "2002.12.07"]

1. d4 d5 2. c4 c6 3. Nc3 Nf6 4. Nf3 e6 5. Bg5 dxc4 6. a4 Bb4 7. e4 Qa5 8. Qc2
Nxe4 9. Qxe4 Bxc3+ 10. Bd2 Bxd2+ 11. Nxd2 b5 12. Qc2 Na6 13. Be2 Nb4 14. Qd1
Qb6 15. Nf3 a5 16. O-O Ba6 17. Qd2 Rd8 18. Qc3 O-O 19. axb5 cxb5 20. Rfd1 Nc6
21. Qe3 Ne7 22. Rd2 Nd5 23. Qg5 b4 24. Rdd1 c3 25. Bxa6 cxb2 26. Bd3 bxa1=Q 27.
Rxa1 h6 28. Qh4 0-1

[Event "Michigan Action"]
[Site "Flint, MI"]
[Date "2002.12.07"]
[Round "6.2"]
[White "Calton, Bill"]
[Black "Gabbara, Faris"]
[Result "1/2-1/2"]
[WhiteElo "2223"]
[BlackElo "2051"]
[PlyCount "71"]
[EventDate "2002.12.07"]

1. d4 d5 2. c4 c6 3. Nf3 Nf6 4. Nc3 a6 5. a4 g6 6. Bf4 Bg7 7. e3 O-O 8. Qb3 Qa5
9. c5 Ne4 10. Be2 Nd7 11. O-O Nxc3 12. bxc3 Re8 13. c4 e5 14. Bg3 exd4 15. cxd5
Nxc5 16. Qa2 d3 17. Bd1 cxd5 18. Nd4 Ne4 19. Bb3 Nc3 20. Qb2 Ne2+ 21. Kh1 Nxd4
22. exd4 Re2 23. Qa3 Bxd4 24. Rad1 Bf5 25. Qd6 Rd8 26. Qf4 Be5 27. Qg5 Bxg3 28.
hxg3 Kg7 29. g4 Be6 30. Rxd3 f6 31. Qh4 Qb4 32. Rh3 Rh8 33. Rg3 Re1 34. Rxe1
Qxe1+ 35. Kh2 Qxf2 36. g5 1/2-1/2

[Event "Michigan Action"]
[Site "Flint, MI"]
[Date "2002.12.07"]
[Round "1.2"]
[White "Calton, Bill"]
[Black "Cottrell-Finegold, Kelly"]
[Result "1-0"]
[WhiteElo "2223"]
[BlackElo "1384"]
[Annotator "Jeff Aldrich"]
[PlyCount "59"]
[EventDate "2002.12.07"]

{Slav: Dutch} 1. d4 d5 2. c4 c6 3. Nf3 Nf6 4. Nc3 dxc4 5. a4 Bf5 6. e3 Nbd7 7.
Bxc4 e6 8. O-O Bd6 ({More typical would be} 8... Bb4 {to exchange it for the
knight and slow the eventual e4 push.}) 9. Qe2 Ne4 10. Nd2 Nxd2 11. Bxd2 O-O
12. e4 Bg6 13. f4 {Gotta love that pawn center.} h6 14. Rae1 Nb6 15. Ba2 Bb4 {
Now, exchanging doesn't do Black much good as the center has already been
claimed by White.} 16. f5 exf5 17. exf5 Bh7 18. Qg4 Bxc3 19. bxc3 Kh8 20. f6 {
Thematic.} gxf6 21. Bxh6 Rg8 22. Qh4 f5 23. Re7 Nd5 ({White is still winning
after} 23... Rg6 {but it is a bit trickier to find.}) 24. Bxd5 Qd6 25. Bf4
Rxg2+ 26. Bxg2 Qg6 27. Be5+ Kg8 28. Rf3 Kf8 29. Rxb7 Re8 30. Rg3 1-0

[Event "Michigan Action"]
[Site "Flint, MI"]
[Date "2002.12.07"]
[Round "5.2"]
[White "Calton, Bill"]
[Black "Aldrich, Jeff"]
[Result "1-0"]
[WhiteElo "2223"]
[BlackElo "1921"]
[Annotator "Jeff Aldrich"]
[PlyCount "69"]
[EventDate "2002.12.07"]

{Semi-Slav: Anti-Meran (Lilienthal)} 1. d4 d5 2. c4 c6 3. Nf3 Nf6 4. Nc3 e6 5.
Bg5 dxc4 6. e4 b5 7. e5 h6 8. Bh4 g5 9. Nxg5 hxg5 10. Bxg5 Nbd7 11. exf6 Bb7
12. g3 $5 {Believe it or not, this is one of the main book lines, but this is
the first time I have seen it OTB. This creates a wild game, which isn't so
great for Action chess. But, hey, it's fun.} c5 13. d5 Nb6 $6 {Not best.} (
13... Qb6 $142) 14. dxe6 Qxd1+ 15. Rxd1 fxe6 $6 {The first original move. But,
this simply gives White the solid advantage.} ({I didn't even consider going
into} 15... Bxh1 16. e7 {but this probably offers Black more counter-play than
the text.}) 16. Rg1 a6 17. h4 Nd5 18. Bh3 Kf7 19. Ne4 Bc6 20. Ke2 b4 {Maybe, I
can distract him with my queen-side majority.} 21. Rge1 Ba4 22. Rc1 Rd8 23. Kf1
Bh6 $2 {Losing focus.} 24. Nxc5 Bxg5 25. Bxe6+ Kg6 26. hxg5 Bb5 27. Ne4 c3+ 28.
Kg2 cxb2 29. Rc5 Bd3 $1 {A perplexing move for White. It almost works.} 30. Nd2
Nc3 31. f4 $1 {White stays focused on what really matters.} b1=Q 32. Nxb1 Nxb1
33. Rc7 Rh7 34. Rxh7 Kxh7 35. Rh1+ 1-0

[Event "Michigan Action"]
[Site "Flint, MI"]
[Date "2002.12.07"]
[Round "4.6"]
[White "Baze, Lineas"]
[Black "Thach, Scott"]
[Result "1-0"]
[WhiteElo "2000"]
[BlackElo "1204"]
[PlyCount "52"]
[EventDate "2002.12.07"]

1. e4 e6 2. d4 b6 3. c4 Bb7 4. Nc3 Bb4 5. Bd3 Ne7 6. f3 Bxc3+ 7. bxc3 O-O 8.
Ne2 f5 9. O-O fxe4 10. fxe4 Nbc6 11. Bg5 Qe8 12. Rxf8+ Kxf8 13. Qc2 Qg6 14. Bf4
Na5 15. Bxc7 Nxc4 16. Nf4 Qg5 17. Bxc4 Rc8 18. Rf1 Ke8 19. Bxe6 Rxc7 20. Bf7+
Kd8 21. d5 Rc5 22. Be6 Qe5 23. Qa4 Bc8 24. Qxa7 Qc7 25. Qa8 Ra5 26. Nd3 Ng6 1-0

[Event "Michigan Action"]
[Site "Flint, MI"]
[Date "2002.12.07"]
[Round "6.3"]
[White "Baze, Lineas"]
[Black "Kriseler, Mark"]
[Result "1-0"]
[WhiteElo "2000"]
[BlackElo "1931"]
[PlyCount "62"]
[EventDate "2002.12.07"]

1. e4 e6 2. d4 b6 3. Nf3 Bb7 4. Bd3 Nf6 5. Nc3 Bb4 6. Qe2 Qe7 7. Bg5 h6 8. Bh4
Bxc3+ 9. bxc3 g5 10. Bg3 Nc6 11. O-O O-O-O 12. Ba6 d6 13. a4 Rdg8 14. Rfb1 h5
15. h4 Nd7 16. Bxb7+ Kxb7 17. a5 Ndb8 18. axb6 axb6 19. Qc4 gxh4 20. Bxh4 f6
21. d5 exd5 22. Qxd5 Qg7 23. Ne1 Rh6 24. Rb4 Rg6 25. e5 fxe5 26. Rba4 Rg4 27.
Ra7+ Kc8 28. Ra8 Kd7 29. Bg3 h4 30. Bh2 h3 31. g3 e4 1-0

[Event "Michigan Action"]
[Site "Flint, MI"]
[Date "2002.12.07"]
[Round "1.8"]
[White "Aldrich, Jeff"]
[Black "Sowa, Jason"]
[Result "1-0"]
[WhiteElo "1921"]
[BlackElo "962"]
[PlyCount "85"]
[EventDate "2002.12.07"]

1. d4 Nf6 2. c4 e6 3. Nc3 Bb4 4. Qc2 c5 5. dxc5 Bxc5 6. Nf3 O-O 7. Bg5 d6 8. e3
Nbd7 9. Bd3 g6 10. h4 Kg7 11. O-O-O h6 12. Bf4 e5 13. Bh2 Re8 14. Nd2 Nb6 15.
Nde4 Nbd7 16. Qe2 h5 17. f3 Nb6 18. Nxc5 dxc5 19. Bxg6 Qe7 20. Bc2 Be6 21. b3
Nbd7 22. e4 Rg8 23. Bg1 b6 24. Be3 Kf8 25. Bg5 Rd8 26. Nd5 Bxd5 27. exd5 a6 28.
Bf5 Ke8 29. d6 Qf8 30. f4 Qg7 31. fxe5 Nh7 32. Bxh7 Qxe5 33. Qxe5+ Nxe5 34.
Bxg8 Rc8 35. Rhe1 Kf8 36. Rxe5 Kxg8 37. d7 Rb8 38. Re8+ Rxe8 39. dxe8=Q+ Kg7
40. Qe5+ Kh7 41. Rd7 Kg8 42. Bh6 f6 43. Qe8# 1-0

[Event "Michigan Action"]
[Site "Flint, MI"]
[Date "2002.12.07"]
[Round "6.4"]
[White "Aldrich, Jeff"]
[Black "Holden, Anthony"]
[Result "1/2-1/2"]
[WhiteElo "1921"]
[BlackElo "1483"]
[PlyCount "63"]
[EventDate "2002.12.07"]

1. d4 d5 2. c4 e5 3. dxe5 Bb4+ 4. Bd2 Qe7 5. Qa4+ Nc6 6. cxd5 Bxd2+ 7. Nxd2 Qb4
8. Qxb4 Nxb4 9. Rc1 Kd7 10. e4 Nxa2 11. Bb5+ Kd8 12. Rc4 a5 13. Ngf3 Ne7 14.
O-O c6 15. dxc6 bxc6 16. Rd4+ Kc7 17. Bc4 Nb4 18. Bxf7 Rb8 19. Rc1 Rf8 20. Bb3
Na6 21. Ng5 h6 22. Ne6+ Bxe6 23. Bxe6 Rxb2 24. Nf3 Nb4 25. Rd7+ Kb6 26. Rxe7
Nd3 27. Rf1 a4 28. Bc4 Nc5 29. Rxg7 a3 30. Ra1 Nxe4 31. h3 Ra8 32. e6 1/2-1/2

[Event "Michigan Action"]
[Site "Flint, MI"]
[Date "2002.12.07"]
[Round "3.4"]
[White "Aldrich, Jeff"]
[Black "Baze, Lineas"]
[Result "1-0"]
[WhiteElo "1921"]
[BlackElo "2000"]
[PlyCount "56"]
[EventDate "2002.12.07"]

1. d4 Nf6 2. c4 g6 3. Nc3 Bg7 4. e4 d6 5. f3 O-O 6. Be3 e5 7. d5 c6 8. Qd2 cxd5
9. cxd5 Nh5 10. g3 f5 11. Rc1 Na6 12. Nh3 Qf6 13. Be2 f4 14. Bf2 Bxh3 15. g4
Bxg4 16. fxg4 f3 17. Bxa6 Nf4 18. Bf1 Bh6 19. Kd1 Nh3 20. Be3 f2 21. Bxh6 Qf3+
22. Kc2 Qxh1 23. Bxf8 Rxf8 24. Bxh3 f1=Q 25. Rxf1 Rxf1 26. Bxf1 Qxf1 27. Qe2
Qf4 28. Nb5 Qf8 1-0

[Event "Michigan Action"]
[Site "Flint, MI"]
[Date "2002.12.08"]
[Round "3.2"]
[White "Calton, Bill"]
[Black "Kriseler, Mark"]
[Result "1-0"]
[WhiteElo "2223"]
[BlackElo "1931"]
[Annotator "Jeff Aldrich"]
[PlyCount "107"]
[EventDate "2002.12.07"]

{Irregular Queen's Pawn: Franco-Indian} 1. d4 e6 2. Nf3 b6 3. e4 Bb7 4. Bd3 Nf6
{Black takes the modern approach to the opening. Attacking the center with
pieces instead of the classical way of occupying it with pawns.} 5. Qe2 Nc6 6.
e5 Nd5 7. a3 Nde7 8. O-O Nf5 {All those knight moves have left Black
developmentally deficient.} 9. Bxf5 exf5 10. d5 {White has easily countered
Black's setup with strong pawns in the center. He has plenty of space to
maneuver while Black will struggle to find spots for this pieces.} Ne7 11. d6
Nc6 ({The c-pawn is strangely backward.} 11... cxd6 $2 12. exd6 {and the
knight is pinned.}) 12. Nc3 Qc8 13. Nd5 Ba6 {DIAGRAM White to Move - Find the
Shot!} 14. Qxa6 $1 {White takes advantage of the backward c-pawn and Black's
undeveloped pieces to win the bishop.} Qxa6 15. Nxc7+ Kd8 16. Nxa6 {White went
on to win comfortably in 54 moves.} Kc8 17. Be3 Kb7 18. Nb4 h6 19. h4 Re8 20.
Nxc6 Kxc6 21. a4 g6 22. a5 Bg7 23. axb6 axb6 24. Ra6 Bxe5 25. Rxb6+ Kd5 26.
Rd1+ Ke6 27. Nxe5 Kxe5 28. Bd4+ Kf4 29. Bxh8 Rxh8 30. Re1 Kg4 31. Re7 Rc8 32.
Rxd7 Rxc2 33. Rc7 Rd2 34. Rb4+ f4 35. Rxf7 Rxd6 36. Rfxf4+ Kh5 37. Rb5+ g5 38.
hxg5 hxg5 39. Rff5 Rd2 40. Rxg5+ Kh4 41. Rgd5 Rxd5 42. Rxd5 Kg4 43. b4 Kf4 44.
b5 Ke4 45. Rd7 Ke5 46. b6 Ke6 47. Rd3 Ke5 48. b7 Ke4 49. Rd7 Ke5 50. b8=Q+ Ke6
51. Qe8+ Kf6 52. Rf7+ Kg6 53. Qg8+ Kh6 54. Rh7# 1-0